Click the Harry Potter Chapter Title Ending - Statistics

General Stats
  • This quiz has been taken 168 times
    72 since last reset
  • The average score is 38 of 50
Answer Stats
Hint Answer % Correct
The Deathly Hallows
95%
The Boy Who Lived
95%
The Leaky Cauldron
92%
The Goblet of Fire
92%
The Sorting Hat
92%
The Order of the Phoenix
92%
The Half-Blood Prince
92%
The Chamber of Secrets
92%
The Man with Two Faces
90%
The Forbidden Forest
90%
The Heir of Slytherin
90%
The Tale of the Three Brothers
87%
Beauxbatons and Durmstrang
87%
Moony, Wormtail, Padfoot, and Prongs
87%
The Whomping Willow
87%
The Death Eaters
85%
The Hungarian Horntail
85%
The Keeper of the Keys
85%
Detention with Dolores
79%
The Mirror of Erised
79%
The Only One He Ever Feared
79%
A Very Frosty Christmas
77%
Snape's Worst Memory
77%
The Unbreakable Vow
77%
The Boggart in the Wardrobe
77%
Back to the Burrow
74%
Flight of the Fat Lady
74%
Mudbloods and Murmurs
74%
Professor Trelawney's Prediction
74%
Norbert the Norwegian Ridgeback
74%
Weasley's Wizard Wheezes
74%
The Worst Birthday
72%
At Flourish and Blotts
72%
The Hogwarts High Inquisitor
72%
Mayhem at the Ministry
72%
An Excess of Phlegm
72%
The Parting of the Ways
72%
The Noble and Most Ancient House of Black
69%
The Seven Potters
69%
The Deathday Party
67%
The Weighing of the Wands
64%
Aunt Marge's Big Mistake
62%
Through the Trapdoor
62%
The Ghoul in Pyjamas
59%
The Lightning-Struck Tower
59%
The Very Secret Diary
56%
The Egg and the Eye
56%
The House-Elf Liberation Front
56%
The Vanishing Glass
54%
The Centaur and the Sneak
44%
No matching quizzes found
Score Distribution
Percent of People with Each Score
Percentile by Number Answered
Your Score History
You have not taken this quiz since the last reset